Aplikácia didaktických zásad v e-learningu

Možnosti využitia aplikácie didaktických zásad v jednej zo sofistikovaných vyučovacích metód akou je e-learning. Didaktické zásady sú všeobecnými kategóriami určujucími spôsoby aplikácie hlavných pedagogických zákonitostí vo vyučovacom procese. Osobnosť učiteľa a komunikácia činiteľov výučby sú najv...

Full description

Saved in:
Bibliographic Details
Main Author: Pasiar, Ladislav, 1984-
Format: Book Chapter
Language:Slovak
Subjects:
Tags: Add Tag
No Tags, Be the first to tag this record!

MARC

LEADER 00000nla a2200000 4500
001 0152651
005 20240502072722.5
041 0 |a slo 
044 |a SK 
245 1 0 |a Aplikácia didaktických zásad v e-learningu  |c Ladislav Pasiar 
520 |a Možnosti využitia aplikácie didaktických zásad v jednej zo sofistikovaných vyučovacích metód akou je e-learning. Didaktické zásady sú všeobecnými kategóriami určujucími spôsoby aplikácie hlavných pedagogických zákonitostí vo vyučovacom procese. Osobnosť učiteľa a komunikácia činiteľov výučby sú najväčšími prednosťami prezenčnej formy štúdia. 
610 2 0 |a vzdelávanie 
610 2 0 |a vzdelávanie elektronické 
610 2 0 |a vyučovanie 
610 2 0 |a pedagogika 
610 2 0 |a didaktika 
610 2 0 |a efektívnosť vzdelávania 
610 2 0 |a kvalita vzdelávania 
610 2 0 |a technológie informačné 
610 2 0 |a technológie komunikačné 
100 1 |a Pasiar, Ladislav, 1984-